| 000 | 00856nam a2200277Ia 4500 | ||
|---|---|---|---|
| 005 | 20250425160637.0 | ||
| 008 | 250425s9999 xx 000 0 und d | ||
| 020 | _a0135559790 | ||
| 041 | _aspa | ||
| 082 | _a621.31042 | ||
| 100 | _aGINGRICH, HAROLD W. | ||
| 245 | 0 | _aMAQUINAS ELECTRICAS: TRANSFORMADORES Y CONTROLES | |
| 250 | _a1A ED. | ||
| 260 | _aMEXICO | ||
| 260 |
_aMéxico _bPRENTICE-HALL _c1980 |
||
| 300 | _a365 | ||
| 500 | _a27416 a 27420 (c.1/C.5) s/28500 c/u EDIC. BIBL. 28.FEB.94 COMPRA.Consultar 39156, D-24321 en BIBTEC. | ||
| 500 | _aTítulo Traducido: ELECTRICAL MACHINERY, TRANSFORMERS AND CONTROL | ||
| 650 | _aMAQUINARIA ELECTRICA | ||
| 650 | _aMOTORES DE CORRIENTE CONTINUA | ||
| 650 | _aMOTORES MONOFASICOS | ||
| 650 | _aREGULADORES ELECTRICOS | ||
| 650 | _aTRANSFORMADORES | ||
| 942 | _c01 | ||
| 010 | _a1040 | ||
| 999 |
_c193223 _d193223 |
||